| 000 | 00616 a2200145 4500 | ||
|---|---|---|---|
| 003 | Nust | ||
| 005 | 20221129152136.0 | ||
| 040 | _cNust | ||
| 082 | _a621.3815,MOT | ||
| 245 |
_aFast Static RAM _bBiCMOS,CMOS, and Module Data / |
||
| 260 |
_bMotorola _c1992 |
||
| 505 | _aSelector Guide And Cross Reference (Page-1-3), BiCMOS Static Rams (Page-2-3), CMOS Static Rams (Page-3-3), Application Specific Static Rams (Page-4-3), Fast Static RAM Modules (Page-5-3), Military (Page-6-1), Reliability (Page-7-2), Applications (Page-8-3), Mechanical (Page-9-3). | ||
| 650 | _aTelecommunication engineering | ||
| 942 |
_2ddc _cBK |
||
| 999 |
_c189179 _d189179 |
||